| 000 | 00624cam a22002293a 4500 | ||
|---|---|---|---|
| 001 | 21013 | ||
| 003 | PGUSA | ||
| 005 | 20140828083440.0 | ||
| 008 | 070408s2007||||xxu|||||s|||||000 | eng d | ||
| 040 |
_aPGUSA _beng |
||
| 042 | _adc | ||
| 050 | 4 | _aBF | |
| 100 | 1 |
_aLévi, Éliphas, _d1810-1875 |
|
| 245 | 1 | 0 |
_aHistoire de la magie _h[electronic resource] / _cÉliphas Lévi |
| 260 |
_bProject Gutenberg, _c2007 |
||
| 506 | _aPublic domain in the USA. | ||
| 516 | _aElectronic text | ||
| 653 | _aMagic -- History | ||
| 830 | 0 |
_aProject Gutenberg _v21013 |
|
| 856 | 4 | 0 | _uhttp://www.gutenberg.org/ebooks/21013 |
| 942 | _cEB | ||
| 999 |
_c250268 _d250268 |
||